000 cam a22 a 4500
999 _c2190
_d2190
003 AKMAL
005 20170515151921.0
008 170515t1998 my | e | 001 0 eng d
020 _a9679786323 :
_cRM 50.00
040 _aAKMAL
082 0 4 _a384.309595 MAH
_221
090 0 0 _a384.309595
_bMAH
100 0 _aMahathir Mohamad,
_cTun,
_d1925-
_941
245 1 0 _aExcerpts from the speeches of Mahathir Mohamed on the Multimedia Super Corridor /
_cMahathir Mohamad
260 _aSubang Jaya :
_bPelanduk Pub. ,
_c1998
300 _a104p. ;
_c22cm.
500 _aIncludes index
500 _aKoleksi Peribadi YABhg. Tun Ahmad Sarji (2100411)
504 _aBibliography : p. 99-100
521 _aIntended audience: Adult
599 _aDALAM PROSES
650 1 0 _aInteractive multimedia
_zMalaysia
_9164
650 2 0 _aDigital communications
_zMalaysia
_9158
650 2 0 _aMultimedia systems
_zMalaysia
_9165
650 2 0 _aInteractive computer systems
_zMalaysia
_9166
942 _2ddc
_cBOOK